[Event "chess.com SpeedChess 2023"]
[Site "chess.com INT"]
[Date "2023.09.12"]
[Round "1.17"]
[White "Vidit, Santosh Gujrathi"]
[Black "Carlsen, Magnus"]
[Result "1/2-1/2"]
[WhiteTitle "GM"]
[BlackTitle "GM"]
[WhiteElo "2716"]
[BlackElo "2839"]
[WhiteFideId "5029465"]
[BlackFideId "1503014"]
[EventDate "2023.09.04"]
[EventType "k.o."]

1. e4 e5 2. Nf3 Nc6 3. Bb5 a6 4. Ba4 Nf6 5. O-O Be7 6. Re1 b5 7. Bb3 O-O 8. a4
Rb8 9. axb5 axb5 10. d3 d6 11. h3 h6 12. Nc3 Re8 13. Nd5 Bf8 14. c3 Nxd5 15.
Bxd5 Ne7 16. Bb3 Ng6 17. d4 exd4 18. cxd4 c5 19. d5 Bd7 20. Bc2 Ra8 21. Bd2 b4
22. Bd3 Qf6 23. b3 Ne5 24. Nxe5 Qxe5 25. Rxa8 Rxa8 26. Qc2 g5 27. Rf1 Bg7 28. f4
Qd4+ 29. Kh1 g4 30. hxg4 Bxg4 31. Be1 Ra2 32. Qxa2 Qxd3 33. Kg1 Qxe4 34. Bf2
Qxd5 35. Re1 Be6 36. Re3 Bc3 37. Rg3+ Kh7 38. Qc2+ Bf5 39. Qa2 c4 40. bxc4 Qd1+
41. Kh2 b3 42. Qa8 Qh5+ 43. Kg1 Bg6 44. f5 Qxf5 45. Rxc3 b2 46. Rb3 b1=Q+ 47.
Rxb1 Qxb1+ 48. Kh2 Qf5 49. Qf3 Qxf3 50. gxf3 Bd3 51. Bg3 Bxc4 52. Bxd6 Kg6 53.
Kg3 Bd5 1/2-1/2

[Event "chess.com SpeedChess 2023"]
[Site "chess.com INT"]
[Date "2023.09.12"]
[Round "1.18"]
[White "Carlsen, Magnus"]
[Black "Vidit, Santosh Gujrathi"]
[Result "1-0"]
[WhiteTitle "GM"]
[BlackTitle "GM"]
[WhiteElo "2839"]
[BlackElo "2716"]
[WhiteFideId "1503014"]
[BlackFideId "5029465"]
[EventDate "2023.09.04"]
[EventType "k.o."]

1. Nf3 d5 2. g3 g6 3. Bg2 Bg7 4. d4 Nf6 5. O-O O-O 6. c4 c6 7. cxd5 cxd5 8. Ne5
Bf5 9. Nc3 Ne4 10. Bf4 Nxc3 11. bxc3 Nc6 12. Nxc6 bxc6 13. Qa4 Qb6 14. e3 Rfc8
15. c4 Qd8 16. Rfc1 e6 17. h4 h5 18. c5 Qe8 19. Bd6 e5 20. Re1 Qe6 21. e4 dxe4
22. Bxe4 Bxe4 23. Rxe4 f5 24. Re3 e4 25. Rd1 Qd5 26. Qb3 Bf8 27. Qxd5+ cxd5 28.
Bf4 a5 29. Rb3 Ra7 30. Rb6 Kf7 31. Rdb1 Bg7 32. Be3 Rcc7 33. a4 Bf6 34. R1b5 Be7
35. Bf4 Rc8 36. Rb7 Rxb7 37. Rxb7 Ke8 38. Rb6 Kf7 39. Be5 Bd8 40. Rd6 Be7 41.
Ra6 g5 42. hxg5 Bxg5 43. Rxa5 h4 44. Ra7+ Ke6 45. Rg7 Be7 46. gxh4 Bxh4 47. a5
Ra8 48. a6 Be7 49. Rg6+ Kd7 50. c6+ Ke8 51. Rg8+ Bf8 52. Bd6 1-0

[Event "chess.com SpeedChess 2023"]
[Site "chess.com INT"]
[Date "2023.09.12"]
[Round "1.19"]
[White "Vidit, Santosh Gujrathi"]
[Black "Carlsen, Magnus"]
[Result "0-1"]
[WhiteTitle "GM"]
[BlackTitle "GM"]
[WhiteElo "2716"]
[BlackElo "2839"]
[WhiteFideId "5029465"]
[BlackFideId "1503014"]
[EventDate "2023.09.04"]
[EventType "k.o."]

1. d4 Nf6 2. c4 g6 3. Nf3 Bg7 4. Nc3 d6 5. e4 O-O 6. Be2 e5 7. O-O Na6 8. Be3
Qe7 9. Bg5 exd4 10. Nd5 Qd8 11. Nxd4 c6 12. Nxf6+ Bxf6 13. Bxf6 Qxf6 14. Qd2 Nc5
15. f3 a5 16. Rad1 Bd7 17. b3 Rfd8 18. Qe3 Qe5 19. Qf2 Ne6 20. Rd2 Nxd4 21. Rxd4
Be6 22. Rfd1 a4 23. b4 c5 24. bxc5 Qxc5 25. R1d2 a3 26. h4 Ra6 27. Qe3 Rb6 28.
Qc3 Rc8 29. Kf2 h5 30. Qe3 Kh7 31. R4d3 Ra6 32. Qxc5 dxc5 33. Rb3 Rc7 34. Rc2
Ra4 35. Rcc3 Rc6 36. Rxb7 Rb4 37. Ra7 Rd6 38. Raxa3 Rd2 39. Ke3 Rbb2 40. Bd3
Rxg2 41. Ra5 Rxa2 42. Rxc5 Rh2 43. Re5 Rxh4 44. c5 Ra7 45. c6 Rc7 46. Rb5 Bc8
47. Rb6 Rh1 48. Kf2 h4 49. Kg2 Rd1 50. Rb2 Kg7 51. Be2 Rd6 52. Rbc2 g5 53. Rc5
f6 54. e5 fxe5 55. Rxe5 Kf6 56. Rec5 Bf5 57. R2c3 Rd2 58. Re3 Be6 59. Kf2 Rb2
60. Ke1 h3 61. Kf2 h2 0-1

[Event "chess.com SpeedChess 2023"]
[Site "chess.com INT"]
[Date "2023.09.12"]
[Round "1.20"]
[White "Carlsen, Magnus"]
[Black "Vidit, Santosh Gujrathi"]
[Result "1/2-1/2"]
[WhiteTitle "GM"]
[BlackTitle "GM"]
[WhiteElo "2839"]
[BlackElo "2716"]
[WhiteFideId "1503014"]
[BlackFideId "5029465"]
[EventDate "2023.09.04"]
[EventType "k.o."]

1. e4 e5 2. Nf3 Nc6 3. Bb5 Nf6 4. d3 Bc5 5. Bxc6 dxc6 6. Nc3 O-O 7. h3 Re8 8.
Be3 Bf8 9. Bg5 a5 10. a4 b6 11. O-O Qd6 12. Be3 Nd7 13. Nd2 Ba6 14. f4 Qb4 15.
f5 Qxb2 16. Nb3 Qxc3 17. Bd2 Qb2 18. Bc1 Qc3 19. Bd2 Qb2 20. Bc1 Qc3 21. Bd2 1/2-1/2

[Event "chess.com SpeedChess 2023"]
[Site "chess.com INT"]
[Date "2023.09.12"]
[Round "1.21"]
[White "Vidit, Santosh Gujrathi"]
[Black "Carlsen, Magnus"]
[Result "0-1"]
[WhiteTitle "GM"]
[BlackTitle "GM"]
[WhiteElo "2716"]
[BlackElo "2839"]
[WhiteFideId "5029465"]
[BlackFideId "1503014"]
[EventDate "2023.09.04"]
[EventType "k.o."]

1. e4 c6 2. Nf3 d5 3. d3 dxe4 4. dxe4 Qxd1+ 5. Kxd1 Nf6 6. Nfd2 g5 7. Nc3 Nbd7
8. Nb3 g4 9. f4 gxf3 10. gxf3 Ne5 11. Be2 Ng6 12. a4 Nh5 13. Be3 Nhf4 14. h4 Ng2
15. Bf2 Bh6 16. h5 Ne5 17. Nc5 Ne3+ 18. Bxe3 Bxe3 19. Nd3 Bd4 20. Nxe5 Bxe5 21.
Kd2 Bf4+ 22. Ke1 Be6 23. a5 O-O-O 24. Kf2 Rd2 25. Rac1 Rg8 26. Nb1 Rdd8 27. Rcg1
Bc7 28. b4 c5 29. c3 cxb4 30. cxb4 Bd6 31. Rxg8 Rxg8 32. Rc1+ Kb8 33. b5 Rg5 34.
Nd2 Bc5+ 35. Ke1 Bb4 36. Rc2 Bxa5 37. f4 Rg1+ 38. Kf2 Bb6+ 39. Kf3 Bg4# 0-1

[Event "chess.com SpeedChess 2023"]
[Site "chess.com INT"]
[Date "2023.09.12"]
[Round "1.22"]
[White "Carlsen, Magnus"]
[Black "Vidit, Santosh Gujrathi"]
[Result "1-0"]
[WhiteTitle "GM"]
[BlackTitle "GM"]
[WhiteElo "2839"]
[BlackElo "2716"]
[WhiteFideId "1503014"]
[BlackFideId "5029465"]
[EventDate "2023.09.04"]
[EventType "k.o."]

1. Nf3 Nf6 2. b3 c5 3. Bb2 Nc6 4. e3 d5 5. Bb5 Bd7 6. O-O g6 7. c4 dxc4 8. Bxc4
Bg7 9. d4 cxd4 10. Nxd4 O-O 11. Nd2 Rc8 12. Rc1 a6 13. N2f3 Qa5 14. Qe2 Nxd4 15.
Bxd4 Bb5 16. Bxb5 Qxb5 17. Qb2 Rfd8 18. h3 Ne8 19. Rfd1 Bxd4 20. Nxd4 Qb6 21.
Rxc8 Rxc8 22. Nf3 Qc7 23. Ne5 Nf6 24. Qd4 b5 25. g4 h6 26. h4 Qc3 27. Qxc3 Rxc3
28. Rd8+ Kg7 29. Ra8 Rc5 30. f4 Rc1+ 31. Kg2 Rc2+ 32. Kf3 Rxa2 33. Ra7 Kf8 34.
Ra8+ Kg7 35. Ra7 Ng8 36. b4 Ra4 37. Nc6 Kf8 38. g5 hxg5 39. hxg5 Kg7 40. Ke4 Kf8
41. Ke5 Kg7 42. e4 Ra3 43. Nxe7 Nxe7 44. Rxe7 Rb3 45. f5 gxf5 46. exf5 Kf8 47.
Kf6 Rxb4 48. Rxf7+ Ke8 49. Ra7 Rc4 50. Rxa6 b4 51. g6 1-0

[Event "chess.com SpeedChess 2023"]
[Site "chess.com INT"]
[Date "2023.09.12"]
[Round "1.23"]
[White "Vidit, Santosh Gujrathi"]
[Black "Carlsen, Magnus"]
[Result "0-1"]
[WhiteTitle "GM"]
[BlackTitle "GM"]
[WhiteElo "2716"]
[BlackElo "2839"]
[WhiteFideId "5029465"]
[BlackFideId "1503014"]
[EventDate "2023.09.04"]
[EventType "k.o."]

1. d4 Nf6 2. c4 c5 3. d5 g6 4. Nc3 Bg7 5. e4 d6 6. Be2 O-O 7. Nf3 e6 8. O-O exd5
9. cxd5 Re8 10. Nd2 Na6 11. Kh1 Nc7 12. f3 b6 13. a4 Rb8 14. Nc4 Ba6 15. Bg5
Bxc4 16. Bxc4 a6 17. Qd3 Qc8 18. Bf4 Rd8 19. g4 Qb7 20. Qc2 b5 21. axb5 axb5 22.
Be2 Qb6 23. Nd1 Nd7 24. Nf2 c4 25. Rad1 Ra8 26. b3 c3 27. b4 Ra4 28. Nd3 Na6 29.
Qb3 Rc8 30. Rc1 Rc4 31. Ra1 Rxa1 32. Rxa1 Nxb4 33. Nxb4 Qf2 34. Ra2 Bd4 35. Qd1
Rxb4 36. Bg3 Qe3 37. Bxd6 Rb2 38. Rxb2 cxb2 39. Bd3 Qc1 0-1

[Event "chess.com SpeedChess 2023"]
[Site "chess.com INT"]
[Date "2023.09.12"]
[Round "1.24"]
[White "Carlsen, Magnus"]
[Black "Vidit, Santosh Gujrathi"]
[Result "0-1"]
[WhiteTitle "GM"]
[BlackTitle "GM"]
[WhiteElo "2839"]
[BlackElo "2716"]
[WhiteFideId "1503014"]
[BlackFideId "5029465"]
[EventDate "2023.09.04"]
[EventType "k.o."]

1. d4 d5 2. Bf4 Nf6 3. Nc3 g6 4. e3 Bg7 5. Nf3 O-O 6. Be2 c5 7. Ne5 cxd4 8. exd4
Nc6 9. O-O Bf5 10. Nxc6 bxc6 11. Be5 Qa5 12. a3 Rfe8 13. b4 Qd8 14. Na4 Ne4 15.
Bxg7 Kxg7 16. Re1 a5 17. c3 h5 18. Bf3 Nd6 19. Nc5 Qc7 20. h4 Nc4 21. Be2 Nd6
22. Qd2 Ra7 23. Qf4 Rea8 24. Rac1 Ne4 25. Qxc7 Rxc7 26. Nxe4 Bxe4 27. c4 axb4
28. axb4 Rb7 29. f3 Bf5 30. cxd5 cxd5 31. b5 Bd7 32. Rc5 e6 33. Rb1 Kf6 34. Kf2
Ke7 35. Ke3 Ra3+ 36. Kd2 Kd6 37. Rc3 Ra4 38. Ke3 f6 39. f4 e5 40. fxe5+ fxe5 41.
dxe5+ Kxe5 42. Kf2 Ra2 43. Ke1 d4 44. Rc5+ Kd6 45. Rc4 Ke5 46. b6 Bf5 47. Rb5+
Kf4 48. g3+ Ke3 49. Re5+ Be4 50. Bd1 Rxb6 51. Rc8 Rb1 52. Rce8 Re2+ 0-1

[Event "chess.com SpeedChess 2023"]
[Site "chess.com INT"]
[Date "2023.09.12"]
[Round "1.25"]
[White "Vidit, Santosh Gujrathi"]
[Black "Carlsen, Magnus"]
[Result "0-1"]
[WhiteTitle "GM"]
[BlackTitle "GM"]
[WhiteElo "2716"]
[BlackElo "2839"]
[WhiteFideId "5029465"]
[BlackFideId "1503014"]
[EventDate "2023.09.04"]
[EventType "k.o."]

1. d4 d5 2. c4 dxc4 3. Nf3 Nf6 4. e3 a6 5. Bxc4 e6 6. O-O b5 7. Be2 Bb7 8. a4 b4
9. a5 Nbd7 10. Nbd2 Be7 11. Nc4 O-O 12. Bd2 c5 13. dxc5 Bxc5 14. Qa4 Qe7 15.
Rfc1 h5 16. Be1 Bd5 17. Nfd2 Rab8 18. Nb3 Rfc8 19. Nxc5 Qxc5 20. Qd1 Qf8 21. Ra4
h4 22. h3 Rc6 23. Nb6 Rxc1 24. Qxc1 Nxb6 25. axb6 Rxb6 26. Rxa6 Rxa6 27. Bxa6
Bxg2 28. Qc8 Qxc8 29. Bxc8 Bxh3 30. f3 g5 31. Bxb4 g4 32. fxg4 Bxg4 33. Be7 Nd5
34. Bxh4 Nxe3 35. b4 Nf5 36. Bf2 Be2 37. Bb7 Bb5 38. Bc5 f6 39. Be4 Ng7 40. Kf2
Kf7 41. Ke3 f5 42. Bc2 e5 43. Bb3+ Kf6 44. Bb6 Ne6 45. Bxe6 Kxe6 46. Bc7 f4+ 47.
Kf2 Kf5 48. Bd6 e4 49. Bc5 Ba4 50. Ke2 Ke5 51. Bf2 Bb5+ 52. Kd2 Kf5 53. Bd4 Kg4 0-1

[Event "chess.com SpeedChess 2023"]
[Site "chess.com INT"]
[Date "2023.09.12"]
[Round "1.26"]
[White "Carlsen, Magnus"]
[Black "Vidit, Santosh Gujrathi"]
[Result "1-0"]
[WhiteTitle "GM"]
[BlackTitle "GM"]
[WhiteElo "2839"]
[BlackElo "2716"]
[WhiteFideId "1503014"]
[BlackFideId "5029465"]
[EventDate "2023.09.04"]
[EventType "k.o."]

1. e4 c5 2. Nc3 Nc6 3. f4 g6 4. Nf3 Bg7 5. a3 d6 6. Bc4 e6 7. O-O Nge7 8. d3 d5
9. Ba2 O-O 10. Qe1 Nd4 11. Qf2 b6 12. f5 gxf5 13. exd5 exd5 14. Bg5 Be6 15. Rae1
Ndc6 16. Ne2 Qd6 17. c3 Ng6 18. d4 f4 19. Bb1 Rae8 20. h4 Bg4 21. dxc5 bxc5 22.
Nh2 Bxe2 23. Rxe2 h6 24. Rxe8 Rxe8 25. Bxf4 Nxf4 26. Qxf4 Qxf4 27. Rxf4 Rb8 28.
Ba2 Ne7 29. Rf2 c4 30. Nf3 Bf6 31. g3 Kg7 32. Kg2 Nf5 33. Kh3 Ne3 34. Rd2 Rb6
35. g4 Be7 36. Re2 Bc5 37. Bb1 Nd1 38. Rd2 Nxb2 39. Rxd5 Bxa3 40. Rd7 Na4 41.
Ba2 Rc6 42. Rxa7 Nxc3 43. Rxa3 Nd5 44. Kg3 Nb4 45. Nd4 Rd6 46. Nf5+ 1-0

[Event "chess.com SpeedChess 2023"]
[Site "chess.com INT"]
[Date "2023.09.12"]
[Round "1.1"]
[White "Vachier-Lagrave, Maxime"]
[Black "Gukesh, D"]
[Result "1-0"]
[WhiteTitle "GM"]
[BlackTitle "GM"]
[WhiteElo "2727"]
[BlackElo "2758"]
[WhiteFideId "623539"]
[BlackFideId "46616543"]
[EventDate "2023.09.04"]
[EventType "k.o."]

1. e4 c5 2. Nf3 e6 3. d4 cxd4 4. Nxd4 Nc6 5. Nc3 Qc7 6. Qd3 Nf6 7. Ndb5 Qb8 8.
Qg3 d6 9. Be3 a6 10. Nd4 Qc7 11. O-O-O Bd7 12. Kb1 b5 13. Nxc6 Bxc6 14. f3 Rc8
15. Bd3 Nd7 16. Rhe1 Ne5 17. f4 Nxd3 18. cxd3 Qd7 19. Bd4 f6 20. Nd5 Bxd5 21.
exd5 e5 22. fxe5 dxe5 23. Bxe5 fxe5 24. Rxe5+ Kf7 25. d6 Kg8 26. Qf3 Qxd6 27.
Rde1 Qc6 28. Qe2 h6 29. d4 Qg6+ 30. Ka1 Qc2 31. Qf1 Kh7 32. R5e2 Qd3 33. Rd1 Qg6
34. d5 Bc5 35. Re6 Rhe8 36. Rxg6 1-0

[Event "chess.com SpeedChess 2023"]
[Site "chess.com INT"]
[Date "2023.09.12"]
[Round "1.2"]
[White "Gukesh, D"]
[Black "Vachier-Lagrave, Maxime"]
[Result "0-1"]
[WhiteTitle "GM"]
[BlackTitle "GM"]
[WhiteElo "2758"]
[BlackElo "2727"]
[WhiteFideId "46616543"]
[BlackFideId "623539"]
[EventDate "2023.09.04"]
[EventType "k.o."]

1. d4 Nf6 2. c4 g6 3. g3 c6 4. Bg2 d5 5. Nf3 Bg7 6. O-O O-O 7. b3 Bf5 8. Bb2 a5
9. Nc3 Ne4 10. e3 Nd7 11. Qe2 Nxc3 12. Bxc3 Qb6 13. Nh4 Be6 14. Rfc1 Qa6 15. Be1
a4 16. Rab1 Rfc8 17. Bf1 axb3 18. axb3 c5 19. e4 dxe4 20. d5 Bf5 21. g4 Qf6 22.
Nxf5 gxf5 23. gxf5 Qxf5 24. Bg2 Nf6 25. Bc3 Kh8 26. Bxf6 Bxf6 27. Qxe4 Qxe4 28.
Bxe4 Rg8+ 29. Kh1 Rg4 30. f3 Rh4 31. Rc2 Be5 32. Re2 Bd6 33. Rg2 Rg8 34. Rxg8+
Kxg8 35. Rb2 Kg7 36. Rg2+ Kf6 37. Kg1 Ke5 38. Kf1 Kd4 39. Rg7 h5 40. Rg2 Kc3 41.
Bc2 Rxh2 42. Rxh2 Bxh2 43. Bd1 Kd2 44. Be2 Bf4 45. Kf2 Be3+ 46. Kf1 h4 47. f4
Bxf4 48. Bf3 Bd6 49. Kg2 Kc2 50. Be2 Kxb3 51. Kh3 b5 0-1

[Event "chess.com SpeedChess 2023"]
[Site "chess.com INT"]
[Date "2023.09.12"]
[Round "1.3"]
[White "Vachier-Lagrave, Maxime"]
[Black "Gukesh, D"]
[Result "1-0"]
[WhiteTitle "GM"]
[BlackTitle "GM"]
[WhiteElo "2727"]
[BlackElo "2758"]
[WhiteFideId "623539"]
[BlackFideId "46616543"]
[EventDate "2023.09.04"]
[EventType "k.o."]

1. e4 c5 2. Nf3 Nc6 3. Bb5 g6 4. O-O Bg7 5. c3 Nf6 6. Qe2 O-O 7. d4 d5 8. e5 Ne4
9. Be3 cxd4 10. cxd4 Bd7 11. Nc3 Nxc3 12. bxc3 Rc8 13. Rfc1 Na5 14. Bd3 Nc4 15.
Bf4 b5 16. Ng5 h6 17. e6 hxg5 18. exd7 Qxd7 19. Bxg5 Rfe8 20. h4 e5 21. dxe5
Rxe5 22. Qf3 Rce8 23. g3 a5 24. Bf4 Rh5 25. Rab1 Bf6 26. Re1 Rxe1+ 27. Rxe1 Bxc3
28. Bxg6 fxg6 29. Qxc3 d4 30. Qd3 Kh7 31. Bg5 1-0

[Event "chess.com SpeedChess 2023"]
[Site "chess.com INT"]
[Date "2023.09.12"]
[Round "1.4"]
[White "Gukesh, D"]
[Black "Vachier-Lagrave, Maxime"]
[Result "0-1"]
[WhiteTitle "GM"]
[BlackTitle "GM"]
[WhiteElo "2758"]
[BlackElo "2727"]
[WhiteFideId "46616543"]
[BlackFideId "623539"]
[EventDate "2023.09.04"]
[EventType "k.o."]

1. e4 c6 2. d4 d5 3. f3 e6 4. Nc3 Bb4 5. Bd2 Ne7 6. a3 Ba5 7. Bd3 Nd7 8. Nge2 e5
9. exd5 cxd5 10. Nb5 O-O 11. Bxa5 Qxa5+ 12. Qd2 Qb6 13. O-O-O e4 14. fxe4 dxe4
15. Bc4 Nf6 16. Nbc3 Bf5 17. h3 Rac8 18. Bb3 Rfd8 19. g4 Be6 20. Bxe6 Qxe6 21.
Nf4 Qc4 22. Kb1 b5 23. g5 Nfd5 24. Nfxd5 Nxd5 25. Nxe4 b4 26. b3 Qc6 27. axb4
Nxb4 28. Nc5 a5 29. Kb2 Qg6 30. Rhe1 h6 31. Qc3 hxg5 32. Re2 Qf5 33. Red2 Nd5
34. Qd3 Qf6 35. Ne4 Qh6 36. Rg1 f6 37. Nc5 Nf4 38. Qc4+ Kh8 39. Re1 Qh4 40. Re3
Nd5 41. Re4 Qh7 42. Qd3 a4 43. Nxa4 Nf4 44. Qe3 Nd5 45. Qf3 Qg6 46. Nc5 Nf4 47.
h4 Rxc5 48. dxc5 Rxd2 49. hxg5 fxg5 50. Qh1+ Kg8 51. c6 Qxc6 0-1

[Event "chess.com SpeedChess 2023"]
[Site "chess.com INT"]
[Date "2023.09.12"]
[Round "1.5"]
[White "Vachier-Lagrave, Maxime"]
[Black "Gukesh, D"]
[Result "1-0"]
[WhiteTitle "GM"]
[BlackTitle "GM"]
[WhiteElo "2727"]
[BlackElo "2758"]
[WhiteFideId "623539"]
[BlackFideId "46616543"]
[EventDate "2023.09.04"]
[EventType "k.o."]

1. e4 c6 2. d4 d5 3. e5 Bf5 4. Nf3 e6 5. Be2 c5 6. Be3 cxd4 7. Nxd4 Ne7 8. c3
Nbc6 9. Qa4 Qd7 10. Bb5 a6 11. Nd2 Rc8 12. Bxc6 Nxc6 13. Nxf5 exf5 14. Nf3 Nxe5
15. Qxd7+ Nxd7 16. O-O-O Nf6 17. Bg5 Ne4 18. Rxd5 f6 19. Be3 g6 20. Rhd1 Rg8 21.
Nd4 Be7 22. Nb3 Kf7 23. f3 Ng5 24. Rd7 b5 25. Bc5 Rge8 26. Re1 1-0

[Event "chess.com SpeedChess 2023"]
[Site "chess.com INT"]
[Date "2023.09.12"]
[Round "1.6"]
[White "Gukesh, D"]
[Black "Vachier-Lagrave, Maxime"]
[Result "1/2-1/2"]
[WhiteTitle "GM"]
[BlackTitle "GM"]
[WhiteElo "2758"]
[BlackElo "2727"]
[WhiteFideId "46616543"]
[BlackFideId "623539"]
[EventDate "2023.09.04"]
[EventType "k.o."]

1. e4 c5 2. Nf3 d6 3. d4 cxd4 4. Qxd4 Nc6 5. Bb5 Bd7 6. Qd3 g6 7. O-O Bg7 8. c4
Nf6 9. Nc3 O-O 10. h3 Rc8 11. Bxc6 Bxc6 12. Be3 a6 13. Rac1 b5 14. cxb5 axb5 15.
Nd4 b4 16. Nxc6 Rxc6 17. Nd5 Rxc1 18. Rxc1 Nxd5 19. exd5 Bxb2 20. Rb1 Bf6 21.
Rxb4 Qa5 22. Qb3 h5 23. g3 Kg7 24. Bb6 Qa6 25. Qc4 Qa3 26. Qb3 Qc1+ 27. Kg2 Rc8
28. Be3 Qe1 29. Rc4 Ra8 30. a4 Qa5 31. Qb5 Qd8 32. Bb6 Qh8 33. a5 g5 34. a6 Qh7
35. Ra4 Qf5 36. a7 g4 37. hxg4 hxg4 38. Qe2 Qxd5+ 39. Qe4 Qxe4+ 40. Rxe4 Be5 41.
Rxg4+ Kf6 42. Rb4 d5 43. f4 Bd6 44. Bd4+ Kf5 45. Rb7 Ke4 46. Be5 Bxe5 47. Rxe7
f6 48. fxe5 fxe5 49. g4 Kf4 50. Kf2 Kxg4 51. Rxe5 Rxa7 52. Rxd5 1/2-1/2

[Event "chess.com SpeedChess 2023"]
[Site "chess.com INT"]
[Date "2023.09.12"]
[Round "1.7"]
[White "Vachier-Lagrave, Maxime"]
[Black "Gukesh, D"]
[Result "1-0"]
[WhiteTitle "GM"]
[BlackTitle "GM"]
[WhiteElo "2727"]
[BlackElo "2758"]
[WhiteFideId "623539"]
[BlackFideId "46616543"]
[EventDate "2023.09.04"]
[EventType "k.o."]

1. e4 c5 2. Nf3 e6 3. d4 cxd4 4. Nxd4 Nc6 5. Bf4 d6 6. Nb5 e5 7. Be3 Nf6 8. f3
a6 9. N5c3 Be6 10. Nd5 Bxd5 11. exd5 Ne7 12. c4 Nf5 13. Bf2 g6 14. Bd3 Bh6 15.
Bxf5 gxf5 16. Nc3 O-O 17. Qd3 Qd7 18. O-O Kh8 19. Rae1 Rg8 20. Kh1 Rg6 21. Re2
Rag8 22. Bh4 Nh5 23. g3 Bg5 24. Bxg5 Rxg5 25. Ref2 Qe7 26. Ne2 Nf6 27. f4 e4 28.
Qc3 Rh5 29. Nd4 Rg7 30. Rg2 Ng4 31. Ne2 e3 32. Qd4 Kg8 33. Rc1 Rg6 34. Kg1 b6
35. b4 Rh3 36. c5 bxc5 37. bxc5 dxc5 38. Rxc5 Qb7 39. d6 Nxh2 40. Qxe3 Re6 41.
Qc3 Qb1+ 42. Nc1 Re1+ 43. Kf2 Rf1+ 44. Ke2 Qe4+ 45. Qe3 Qxg2+ 46. Kd3 1-0

[Event "chess.com SpeedChess 2023"]
[Site "chess.com INT"]
[Date "2023.09.12"]
[Round "1.8"]
[White "Gukesh, D"]
[Black "Vachier-Lagrave, Maxime"]
[Result "1-0"]
[WhiteTitle "GM"]
[BlackTitle "GM"]
[WhiteElo "2758"]
[BlackElo "2727"]
[WhiteFideId "46616543"]
[BlackFideId "623539"]
[EventDate "2023.09.04"]
[EventType "k.o."]

1. e4 c5 2. Nf3 Nc6 3. Bb5 e6 4. O-O Nge7 5. Re1 h6 6. c3 a6 7. Bxc6 Nxc6 8. d4
d5 9. exd5 Qxd5 10. c4 Qxc4 11. d5 Nd4 12. Nc3 Bd6 13. Re4 f5 14. Ne5 Bxe5 15.
Qh5+ Kf8 16. Rxe5 Bd7 17. Be3 Be8 18. Qh3 exd5 19. Nxd5 Bf7 20. Nb6 Qb4 21. Bxd4
Qxd4 22. Rxf5 Rd8 23. Qf3 Qxb2 24. Rxf7+ Kg8 25. Re1 Qxb6 26. Rxg7+ Kxg7 27.
Re7+ Kg6 28. Qf7+ 1-0

[Event "chess.com SpeedChess 2023"]
[Site "chess.com INT"]
[Date "2023.09.12"]
[Round "1.9"]
[White "Vachier-Lagrave, Maxime"]
[Black "Gukesh, D"]
[Result "1-0"]
[WhiteTitle "GM"]
[BlackTitle "GM"]
[WhiteElo "2727"]
[BlackElo "2758"]
[WhiteFideId "623539"]
[BlackFideId "46616543"]
[EventDate "2023.09.04"]
[EventType "k.o."]

1. e4 c5 2. Nf3 e6 3. b3 a6 4. c4 Nc6 5. Bb2 Qc7 6. g3 Nf6 7. Qe2 d6 8. d4 cxd4
9. Nxd4 Nxd4 10. Bxd4 b5 11. Bg2 Bb7 12. Nd2 bxc4 13. Nxc4 d5 14. exd5 Bb4+ 15.
Kf1 Nxd5 16. Bxg7 Rg8 17. Be5 Qc6 18. Rd1 Rd8 19. Kg1 Ke7 20. Qh5 Rg6 21. Qh4+
Ke8 22. Qxh7 Bf8 23. h4 1-0

[Event "chess.com SpeedChess 2023"]
[Site "chess.com INT"]
[Date "2023.09.12"]
[Round "1.10"]
[White "Gukesh, D"]
[Black "Vachier-Lagrave, Maxime"]
[Result "0-1"]
[WhiteTitle "GM"]
[BlackTitle "GM"]
[WhiteElo "2758"]
[BlackElo "2727"]
[WhiteFideId "46616543"]
[BlackFideId "623539"]
[EventDate "2023.09.04"]
[EventType "k.o."]

1. e4 c5 2. Nf3 d6 3. d4 cxd4 4. Qxd4 Nc6 5. Bb5 Bd7 6. Qd3 g6 7. c4 Bg7 8. O-O
Nf6 9. Nc3 Ng4 10. Bxc6 Bxc6 11. Nd4 O-O 12. h3 Ne5 13. Qe2 Rc8 14. Be3 Bd7 15.
b3 a6 16. Rac1 e6 17. Rfd1 Qe7 18. Qd2 Rfd8 19. a4 Be8 20. Nde2 Nc6 21. Bb6 Rd7
22. Qe3 h5 23. a5 g5 24. Nd4 Ne5 25. Nf3 f6 26. Ne2 Bg6 27. Nfd4 Bh6 28. f3 Kh7
29. Qf2 Rg8 30. Rc3 g4 31. f4 Bxe4 32. fxe5 dxe5 33. Ng3 gxh3 34. Kh2 exd4 35.
Bxd4 e5 36. Bc5 Rxd1 37. Bxe7 hxg2 0-1

[Event "chess.com SpeedChess 2023"]
[Site "chess.com INT"]
[Date "2023.09.12"]
[Round "1.11"]
[White "Vachier-Lagrave, Maxime"]
[Black "Gukesh, D"]
[Result "0-1"]
[WhiteTitle "GM"]
[BlackTitle "GM"]
[WhiteElo "2727"]
[BlackElo "2758"]
[WhiteFideId "623539"]
[BlackFideId "46616543"]
[EventDate "2023.09.04"]
[EventType "k.o."]

1. e4 c5 2. Nf3 e6 3. d4 cxd4 4. Nxd4 Nc6 5. Nc3 Qc7 6. Qd3 a6 7. Nxc6 bxc6 8.
Qg3 Qxg3 9. hxg3 d5 10. Be3 Nf6 11. O-O-O Ng4 12. Bb6 Rb8 13. Na4 Bd7 14. f3 c5
15. Nxc5 Bc6 16. exd5 Rxb6 17. dxc6 Bxc5 18. c7 Ke7 19. Rxh7 Rc8 20. fxg4 g5 21.
Bd3 Be3+ 22. Kb1 Rxc7 23. Bg6 Kf8 24. Rd8+ Ke7 25. Rd3 Kf6 26. Bxf7 Bc5 27. Rf3+
Ke5 28. Rh5 Be7 29. Re3+ Kf6 30. Bxe6 Bc5 31. Re1 Re7 32. Rf1+ Kxe6 33. Rxg5 Bd4
34. c3 Bf6 35. Rg6 Kf7 36. Rh6 Re5 37. Rf2 Kg7 38. Rh1 Re3 39. Kc2 Rxg3 40. Rd1
Rxg4 41. Rd3 Kg6 42. a3 a5 43. b4 a4 44. Rdf3 Rc6 45. Rd3 Rgc4 46. Rff3 Rg4 47.
Rg3 Rxg3 48. Rxg3+ Kf5 49. Rf3+ Ke4 50. Rd3 Be5 51. Rf3 Rg6 52. Rf2 Rg3 53. Re2+
Kf5 54. c4 Rxa3 55. Kb1 Ra1+ 0-1